[Event "FIDE-Wch k.o."]
[Site "Moscow"]
[Date "2001.12.02"]
[Round "3.4"]
[White "Motylev, Alexander"]
[Black "Shirov, Alexei"]
[Result "1-0"]
[WhiteElo "2641"]
[BlackElo "2706"]
[Annotator "Tsesarsky,I"]
[PlyCount "177"]
[EventDate "2001.11.27"]
[EventType "k.o."]
[EventRounds "7"]
[EventCountry "RUS"]
[SourceTitle "CBM 086"]
[Source "ChessBase"]
[SourceDate "2002.02.05"]
[SourceVersion "1"]
[SourceVersionDate "2002.02.05"]
[SourceQuality "1"]

1. e4 {Hecht} e5 2. Nf3 Nc6 3. Nc3 Nf6 4. Bb5 Nd4 5. Ba4 Bc5 6. Nxe5 O-O 7. Nd3
Bb6 8. e5 Ne8 9. Nd5 d6 10. Ne3 dxe5 11. Nxe5 Qg5 12. N5c4 f5 (12... Bc5 $6 13.
c3 Nf5 14. d4 Nxe3 15. Nxe3 Bd6 16. Qf3 Nf6 17. Nc4 $16 {1/2-1/2 Pavlov,
M-Ustinov,O/Alushta 1999/CBM 70 ext (70)}) (12... Nf6 $6 13. c3 Nf5 14. d4 Be6
15. O-O $16 {1-0 Tochor,J-Skacel,J/CZE-chT1b 1995/EXT 97 (37)}) 13. h4 $1 $16 {
[%mdl 8] Interesting novelty, prepared against Shirov. White left with serious
advantage in both two games Motylev has played White.} ({The only continuation
that played here was} 13. f4 Qxf4 14. c3 Ne6 (14... Qh4+ 15. g3 Qh3 16. cxd4 f4
17. gxf4 {-see detailed commented game 1-0 Hatanbaatar,B-Handoko,E/Manila 2001/
CBM 83_01[Tsesarsky,I] (28)}) 15. d4 Qh4+ 16. g3 Qd8 {-see detailed commented
game  1-0 Kobalija,M-Korneev,O/St Petersburg 1998/CBM 67[Tsesarsky,I] (42)} (
16... Qh3)) 13... Qg6 ({in the second games between the same players Shirov
tried} 13... Qf6 $5 $16 {and drew thanks God and Motylev...-see commented game
1/2-1/2 Motylev,A-Shirov,A/Moscow RUS 2001/The Week in Chess 369 [Tsesarsky,I]
(62)}) 14. Ne5 $1 (14. c3 $6 f4 15. Ne5 (15. cxd4 fxe3 16. Nxe3 (16. dxe3 Qxg2
17. Rf1 Bh3 $15 {[%csl Rf1]}) 16... Bxd4 17. O-O Nd6 $44 {[%csl Rh4]}) 15...
Qe4 16. cxd4 fxe3 17. dxe3 Qxg2 18. Rf1 Bh3 {[%csl Rf1]} 19. Bb5 Nd6 20. Be2
Rae8 $44) 14... Qf6 15. f4 Nc6 (15... c6 16. c3 Ne6 {[%csl Rf4]} 17. Qf3 Nd6
18. d4 $16 {Black hasn't sufficient compensation for P lack.}) 16. d4 $5 {
White returns P in order to comlete development.} ({Worth of attention
immediate} 16. Nd5 $5 Qd6 17. Nxc6 bxc6 18. Bxc6 Rb8 19. Qf3 $16) 16... Nxd4
17. Nd5 Qd6 18. Be3 Nf6 (18... Qxd5 $4 19. Bb3 $18 {[%csl Rd5]}) 19. Nxf6+ $2 {
This mistake allows Black to equalize.} ({Why not} 19. Nxc7 $1 Nxc2+ 20. Qxc2
Qxc7 (20... Bxe3 21. Bb3+ Kh8 22. Nxa8 $18) 21. Qxc7 Bxc7 22. Bc5 $16 {[%csl
Rf8][%cal Ga4b3]}) (19. Nxb6 axb6 {[%csl Ra4][%cal Ga8a4]} 20. c3 b5 $1 $11)
19... gxf6 {[%csl Re5,Rg8][%cal Gf6e5] Black decided to weaken his PP chain
and Kg8 with purpose to repel strong Ne5.} ({Equal position after} 19... Rxf6
$5 20. c3 Ne6 21. Qf3 Bxe3 22. Qxe3 Qb6 23. Qxb6 axb6 24. Bb3 Kf8 25. g3 Nc5
$11) 20. Nc4 Qb4+ ({Or} 20... Qe7 21. Rh3 (21. c3 Be6 22. Nxb6 axb6 23. Rh3 (
23. cxd4 Qb4+ 24. Kf2 Rxa4 25. b3 Ra6 $132) 23... Bf7 24. a3 (24. Qxd4 Rfd8 $17
) 24... b5 25. Bc2 Nxc2+ 26. Qxc2 Qe4 $11) 21... Rd8 22. c3 Be6 (22... Ne6 23.
Qe2 $16 {[%csl Rf5,Rf6]}) 23. Nxb6 (23. Rg3+ Kh8 $132) 23... axb6 24. Rg3+ Kh8
25. Bxd4 c5 26. Bb5 cxd4 27. Qe2 dxc3 $132) 21. c3 Qxc4 22. Bxd4 {[%cal Ga4b3]}
Be6 23. Bb3 Qc6 24. O-O Rad8 25. Qf3 Bxb3 (25... Rfe8 $132) 26. Qxc6 bxc6 {
[%csl Rc6,Rc7,Rf5,Rf6]} 27. axb3 $2 $17 {Serious mistake} (27. Bxb6 $1 Bc4 (
27... axb6 28. axb3 $11) 28. Bc5 Bxf1 29. Bxf8 Bxg2 30. Bc5 Rd2 31. Bxa7 Rxb2
32. a4 $11) 27... c5 $1 28. Bf2 $1 ({Loses by force} 28. Be3 $4 Rfe8 29. Kf2 (
29. Rfe1 Rxe3 30. Rxe3 c4 31. Kf2 Rd3 32. Rae1 cxb3 33. Kf3 Bxe3 34. Rxe3 Rd2
35. Re2 Rxe2 36. Kxe2 Kg7 $19 {[%csl Rf4,Rg2,Rh4][%cal Gg7h6,Gh6h5,Gh5g4,Ga7a3]
}) 29... Rd3 30. Rfe1 Rexe3 31. Rxe3 c4 $19 {-like in previous variation.})
28... Rd2 29. Rad1 Rfd8 $2 $132 ({Right was simply to capture Pb2:} 29... Rxb2
30. Rb1 (30. Rd5 Rxb3 $17) (30. Rd7 Re8 $1 $17) (30. Rfe1 Rxb3 31. Re7 Rf7 32.
Rd8+ Kg7 33. Ree8 Rxc3 $19) 30... Rd2 31. Rbd1 Rfd8 32. Rxd2 Rxd2 $17) 30. Rxd2
Rxd2 31. Rb1 c4 32. Bxb6 axb6 33. bxc4 Kg7 34. b4 Rc2 35. Rb3 Kg6 36. Kh2 Kh5
37. Kh3 Ra2 38. Rb1 Rc2 39. Rb3 Ra2 40. Kg3 Rd2 41. Ra3 Rd3+ 42. Kf2 Kg4 43.
Ra7 c5 (43... Kxf4 44. Rxc7 Rxc3 45. Rc6 Rc2+ 46. Kf1 Ke3 47. Kg1 f4 48. Rxf6
Rxc4 49. Rxb6 f3 50. gxf3 Kxf3 51. h5 h6 $44) 44. Rg7+ Kxh4 $6 $14 {Black is
looking for difficulties...} ({Right was natural} 44... Kxf4 45. g3+ Ke5 46.
Re7+ Kd6 47. Rxh7 Rxc3 $11) 45. g3+ Kh5 (45... Kh3 $4 46. Rxh7+ Kg4 47. Rh4#)
46. Rxh7+ Kg6 (46... Kg4 47. Rh4#) 47. Rc7 Rxc3 48. bxc5 bxc5 49. Rxc5 {
This endgame is drawn, but White can check technics of Black.} Rc2+ (49... Kf7
$5 {Hecht um den weißen König ebenfalls zu sperren und den eigenen näher an
den c-Bauern zu bringen ist eher Geschmackssache.}) 50. Kf3 Rc3+ 51. Kf2 Rc2+
52. Kf3 Rc3+ 53. Kg2 Rc2+ 54. Kh3 Rc1 55. Rc8 Kh5 56. c5 Rc2 57. Rc6 Kg6 58.
Rc7 Kh5 59. Rc8 Kg6 60. c6 Kf7 61. g4 $5 ({Draw after} 61. c7 Kg7 ({Even} 61...
Ke7 62. Rh8 (62. g4 Kd7 63. Rf8 Kxc7 64. Rxf6 fxg4+ 65. Kxg4 Kd7 $11) 62...
Rxc7 63. Rh7+ Kd6 64. Rxc7 Kxc7 65. Kh4 Kd6 66. Kh5 Kd5 67. Kg6 Ke6 $11) 62. g4
fxg4+ 63. Kxg4 $44) 61... fxg4+ 62. Kxg4 Rc5 63. Kf3 (63. c7 Kg7 64. Kf3 Rc4
65. Ke3 Rc1 66. Kd4 Rc2 67. Kd5 Rc1 68. Kd6 Rd1+ $11) 63... Ke6 64. Kg4 Kd6 65.
Rf8 Ke7 $1 (65... Rxc6 66. Rxf6+ Kd5 67. Rxc6 Kxc6 $18) (65... Kxc6 66. Rc8+
Kd6 67. Rxc5 Kxc5 68. Kf5 $18) 66. Rc8 Kd6 67. c7 (67. f5 Rxc6 $11) 67... Kd7
68. Rf8 Kxc7 69. Rxf6 Kd7 70. Rf5 {Hecht: '[#] Es liegt eine Remisstellung vor,
wenn der König nur um eine Linie gesperrt ist und der Verteidigerturm
ausnahmsweise nicht von hinten sondern von vorn angreift. Dann nämlich kommt
Weiß nicht weiter. Das ist grundlegende Endspieltheorie. Aber selbst Shirov
strauchelt hier - m.E. mangels Zeit!!!'} Rc6 $4 {Terrible move. Shirov loses
drawn endgame.} (70... Rc8 71. Re5 Kd6 $11 {[%cal Gc8f8,Gf8g8]} (71... Rg8+ {
Hecht} 72. Kf5 Rf8+ 73. Kg5 Rg8+ 74. Kh6 Kd6 $1 ({nicht aber} 74... Rf8 $2 {
Hecht} 75. f5 $1 $18 Kd6 76. Re6+ {usw}) 75. Re1 Rf8 $1 {Mit den letzten
beiden Zügen wurde f5 verhindert. Remis!}) ({nicht aber die Brücke} 71... Re8 {
Hecht} 72. Rxe8 Kxe8 73. Kg5 $18)) (70... Rc1 $4 {Hecht} 71. Re5 Kd6 72. Re2 {
und der Bauer gelangt nach f5, was den Gewinn verbürgt.}) 71. Re5 {If Pf4 will
be promoted to f5 and black K will be cut on e-line - White will win.} Rg6+ 72.
Kf5 Rg8 {Hecht: 'Entscheidender Tempoverlust als Folge von Tc6'} 73. Re6 {
'!' Hecht.} ({Or} 73. Re4 $1 {[%cal Ge4f4]} Kd6 74. Kf6 Rf8+ 75. Kg7 Rf5 76.
Kg6 $18 Rf8 77. f5 $18) 73... Rf8+ 74. Rf6 Rg8 75. Rf7+ Ke8 76. Kf6 Rh8 (76...
Rg1 77. Ra7 $18) 77. Ra7 Rh6+ 78. Kg7 Rh5 79. Ra4 (79. Kg6 Rh1 80. f5 $18)
79... Rh4 80. Re4+ Kd7 81. Kg6 Rg4+ 82. Kf5 Rg8 83. Kf6 Rg4 84. Re7+ Kd8 85. f5
Rf4 86. Re5 Ra4 87. Kf7 Ra7+ 88. Kf8 Ra6 89. Rd5+ 1-0

[Event "Zuerich Kortschnoj-B"]
[Site "Zuerich"]
[Date "2001.04.28"]
[Round "4"]
[White "Jenni, Florian"]
[Black "Kramnik, Vladimir"]
[Result "1/2-1/2"]
[WhiteElo "2471"]
[BlackElo "2802"]
[Annotator "Tsesarsky,I"]
[PlyCount "67"]
[EventDate "2001.04.28"]
[EventType "tourn"]
[EventRounds "5"]
[EventCountry "SUI"]
[EventCategory "15"]
[SourceTitle "CBM 083"]
[Source "ChessBase"]
[SourceDate "2001.07.05"]
[SourceVersion "1"]
[SourceVersionDate "2001.07.05"]
[SourceQuality "1"]

1. e4 e5 2. Nf3 Nc6 3. Bb5 Nf6 {Rue Lopez?} 4. Nc3 {No...} Nd4 5. Nxd4 exd4 6.
e5 dxc3 7. exf6 {This variation leads to simple equal position without NN,
with the only open line - "e" and to draw...} Qxf6 ({Badly is} 7... cxd2+ $2 8.
Bxd2 Qxf6 9. O-O Be7 10. Bc3 Qg5 11. Re1 (11. Qd3 $6 O-O (11... c6 $2 12. Rae1
O-O 13. Re5 $1 $16 {1-0 Levitina,I-Savchenko,S/URS 1970/MainBase/ (19)}) 12.
Rae1 (12. f4 Qh4 13. g3 Qh5 14. Rae1 Bc5+ 15. Kh1 b6 $17 {[%cal Gc8b7]}) 12...
Bf6 $15) (11. Bd3 $6 O-O 12. Kh1 b6 13. f4 Qh6 14. Be4 c6 15. f5 d5 $17 {
1-0 Schuler,D-Maedel,K/Bad Homburg 2000/EXT 2001 (44)}) 11... O-O 12. Re5 f5 (
12... Qf6 13. Bd3 Qd6 (13... g6 14. Qe2 Bd6 15. Rh5 Qe6 16. Rxh7 $18 {1-0
Milev,Z-Fuderer,A/Amsterdam 1954/EXT 2001 (72)}) 14. Qh5 f5 (14... h6 15. Rae1
Bf6 16. Rd5 Qf4 17. Rf5 Qh4 18. Bxf6 Qxh5 19. Rxh5 gxf6 20. Re3 $18) 15. Rd1
$18 (15. Rae1 Bf6 16. Bc4+ Kh8 17. Re8 $18 {1-0 Vorontsov,N-Dervishi,E/Moscow
1994/CBM 44 ext (18)})) 13. Qd5+ Kh8 14. f4 Qf6 15. Rae1 c6 16. Rxe7 $16 (16.
Qd2 Bd8 17. Re7 Qxe7 18. Rxe7 Bxe7 19. Qe3 Bd8 20. Qe5 Rg8 21. Bd3 $44 {
1-0 Appleberry,M-Carrion,M/New York 1994/CBM 40 ext (74)})) 8. Qe2+ (8. bxc3
Qe5+ (8... c6 9. Be2 (9. Ba4 d5 10. d4 Bd6 $15 {[%csl Ra4,Rc2,Rc3] 0-1
Vorgers-Damasco,R/Moscow 1994/EXT 99 (15)}) (9. Qe2+ Be7 10. Ba4 O-O 11. d4 d5
{[%csl Ra4,Rc2,Rc3] 0-1 Ramsauer,M-Keller,M/Regensburg 1997/EXT 2001 (52)})
9... d5 10. O-O Bd6 11. d4 O-O 12. Be3 (12. Bd3 Qh4 13. g3 Qh3 14. Qe2 Bg4 15.
f3 Rfe8 16. Qg2 $11 {1/2-1/2 Papista,A-Horvath,J/HUN 1998/EXT 2000 (25)}) 12...
Re8 13. Qd2 Bf5 14. Rfe1 (14. Rfb1 b5 15. a4 a6 16. Bd3 h6 17. Ra2 $132 {
0-1 Dobkin,Y-Pfeiffer,G/Moscow 1956/MCD (49)}) 14... Qg6 15. Bd3 Be4 16. f3 Bf5
17. Bxf5 Qxf5 18. Qd3 Qh5 19. h3 b5 $15 {0-1 Lindblom,P-Prameshuber,A/
Amsterdam 1954/EXT 2001 (40)}) 9. Be2 Be7 10. O-O O-O 11. d4 Qf6 12. Bd3 d6 13.
Rb1 Rb8 $132 {1/2-1/2 Vajda,A-Sandor,B/Budapest 1952/MCL (31)}) (8. dxc3 {
-mainline.}) 8... Be7 ({Or} 8... Qe7 9. bxc3 (9. dxc3 c6 10. Bd3 Qxe2+ 11. Kxe2
d5 12. Bf4 Be6 13. Rhe1 Kd7 14. Rad1 Bd6 15. Bxd6 Kxd6 16. c4 $11 {1/2-1/2
Bronstein,D-Vasiukov,E/Tbilisi 1973/MCD (33)}) 9... c6 10. Bd3 d5 11. Qxe7+
Bxe7 12. O-O O-O $11 {0-1 Moskvitin,V-Kazakov,V/St Petersburg 1997/EXT 2000 
(41)}) 9. dxc3 O-O ({Black equalizes easily also in case of} 9... c6 10. Bd3 d5
11. Be3 O-O 12. Bd4 Qe6 13. O-O c5 14. Qxe6 Bxe6 15. Be3 Rfd8 $11 {1-0
Bramkamp,R-Lengyel,B/Dortmund 1990/EXT 97 (41)}) 10. O-O ({Or} 10. Be3 Re8 11.
O-O-O c6 12. Bd3 d5 13. Qd2 Bf5 14. Bxf5 Qxf5 $11 {0-1 Turcan,M-Maslanka,R/
Bratislava 1989/EXT 2001 (32)}) 10... d5 11. Bd3 Rd8 12. Bf4 Qxf4 (12... c5 13.
Rfe1 Be6 14. Qh5 $11) 13. Qxe7 Be6 14. g3 Qd6 15. Qh4 (15. Qxd6 Rxd6 16. Rfe1
$11) 15... h6 16. Rfe1 Re8 17. a3 Bd7 (17... c5 18. Rad1 $11) 18. Qb4 c5 $2 $16
{We only can guess, why Kramnik put this mistake, which factor was overlooked
by him...} ({Equal endgame after} 18... Qxb4 19. axb4 $11) 19. Rxe8+ Rxe8 20.
Qxb7 Bc6 (20... Rb8 21. Qxa7 Rxb2 22. c4 $16) 21. Qa6 $1 {Jenni wants to win!}
({After} 21. Qxa7 {Black makes draw by perpetuum Q attack.} Ra8 22. Qb6 Rb8 23.
Qa5 Ra8 $11) 21... c4 22. Bf1 ({Badly is} 22. Bf5 $2 Qc5 $1 {[%csl Rf5][%cal
Gd5d4,Gc6h1] Threatening d5-d4 and Qd5} 23. Rd1 (23. Rc1 {[%cal Gb2b4]} d4 24.
cxd4 (24. Bg4 dxc3 25. bxc3 Qd5 $17) 24... Qd5 $19) 23... Rb8 24. b4 cxb3 25.
cxb3 Qxc3 $11) 22... Qc5 23. Rd1 ({Worth of attention strong} 23. Rb1 $1 {
with the idea b2-b3!} Ba8 24. b3 $1 (24. b4 $6 Qe7 $1 {Black avoids c4xb3
taking!} 25. Bg2 Qe2 26. Qa4 (26. Qxa7 Qxc2 27. Rf1 Qxc3 $15) 26... Re7 27. b5
Qd2 28. b6 Qxc3 29. bxa7 Re1+ 30. Rxe1 Qxe1+ 31. Bf1 Qe4 32. Bg2 (32. f3 $4
Qe3+ 33. Kg2 d4 34. Kh3 $8 Qxf3 35. Qe8+ Kh7 36. Be2 Qg2+ $19 {[%csl Rh3]})
32... Qe1+ 33. Bf1 Qe4 $11) 24... cxb3 (24... Re6 25. Qa4 cxb3 26. Rxb3 $16)
25. Rxb3 Bc6 26. c4 $16) 23... g6 24. b4 $2 $132 {Now Black equalizes by force.
} ({Still was quite strong} 24. Rb1 $5 $16) 24... cxb3 25. cxb3 Qxc3 26. Qd3 (
26. b4 Qc2 {[%csl Rd1]} 27. Rd4 Re1 $132) 26... Qb2 (26... Qxd3 27. Bxd3 (27.
Rxd3 Re1 $15) 27... d4 $11) 27. b4 d4 28. b5 (28. Qxd4 Qxa3 $11) 28... Be4 29.
Qxd4 Qxa3 30. Bg2 Bxg2 31. Kxg2 Qe7 32. Ra1 Qb7+ 33. Kg1 Qxb5 34. Qxa7 1/2-1/2

[Event "Manila zt 3.2a"]
[Site "Manila"]
[Date "2001.04.29"]
[Round "8"]
[White "Khatanbaatar, Bazar"]
[Black "Handoko, Edhi"]
[Result "1-0"]
[WhiteElo "2481"]
[BlackElo "2447"]
[Annotator "Tsesarsky,I"]
[PlyCount "55"]
[EventDate "2001.04.24"]
[EventType "swiss"]
[EventRounds "9"]
[EventCountry "PHI"]
[SourceTitle "CBM 083"]
[Source "ChessBase"]
[SourceDate "2001.07.05"]
[SourceVersion "1"]
[SourceVersionDate "2001.07.05"]
[SourceQuality "1"]

1. e4 e5 2. Nf3 Nf6 3. Nc3 Nc6 4. Bb5 Nd4 5. Ba4 Bc5 6. Nxe5 O-O 7. Nd3 Bb6 8.
e5 Ne8 9. Nd5 d6 10. Ne3 dxe5 ({Another continuations are:} 10... Qg5 11. exd6
Nxd6 {-see commented game 1-0 Hjartarson,J-Koch,J/Reykjavik 1993/CBM 35 
[Hjartarson,J](54)}) (10... c6 11. c3 {-see commented game 1-0 Degraeve,
J-Marciano,D/Narbonne 1997/CBM 61[Tsesarsky,I] (39)}) 11. Nxe5 Qg5 12. N5c4 f5
13. f4 Qxf4 14. c3 Qh4+ $1 ({Another variations are seriously worse, White got
advantage in all of games:} 14... Ne6 $6 15. d4 Nd6 (15... c6 16. g3 Qe4 17.
Rf1 Ng5 18. Ne5 f4 19. Bc2 $18 {[%csl Re4] 1-0 Bosch,J-Ciolac,G/SWZ-chI op
1992/TD (31)}) (15... Qh4+ 16. g3 Qd8 (16... Qh3 17. Nxb6 (17. Ne5 Nd6 18. Nd5
Rd8 19. Ne7+ Kh8 20. Qf3 $14 {1-0 Bensch,P-Pollinger,M/Bayern 1997/EXT 99 (39)}
) 17... axb6 18. Bb3 Kh8 19. Bd5 Nd6 (19... f4 20. Bg2 Qh6 21. Ng4 Qh5 22. Ne5
$16 {(Nunn,J)}) 20. Bg2 Qh6 21. Nc4 Qf6 (21... Qg6 22. Nxd6 cxd6 23. O-O $16 {
1-0 Dittmar,P-Braeuning,R/Schramberg 1993/GER (38)}) 22. Nxd6 cxd6 23. O-O Nc7
$2 (23... b5 24. Be3 $16 {1-0 Yudasin,L-Mikhalevski,V/Beersheba 1996/CBM 53 
(36)}) 24. Bf4 $16 {1/2-1/2 Nunn,J-Nikolic,P/Wijk aan Zee 1993/CBM 34/ (53)})
17. Ng2 f4 18. Bxf4 Nxf4 19. Nxf4 Rxf4 20. gxf4 Qh4+ 21. Kd2 Qxf4+ 22. Ne3 $16
{-see commented game 1-0 Kobalija,M-Korneev,O/St Petersburg 1998/CBM 67
[Tsesarsky,I] (42)}) 16. Nxd6 Qxd6 17. O-O g6 18. Nc4 Qe7 19. Bb3 Kg7 20. Re1
Qf6 21. Nxb6 $16 {[%csl Gb3,Gc1,Rg7] 1-0 Wittmann,W-Siklosi,Z/Austria 1998/EXT
2001 (28)}) ({Badly also} 14... Nc6 $2 15. d4 Qh4+ (15... Be6 16. Bb3 Bxc4 17.
Nxc4 Qh4+ 18. g3 Qe4+ 19. Kf2 Kh8 20. Re1 $16 {1-0 Campora,D-Handoko,E/
Istanbul 2000/EXT 2001 (62)}) 16. g3 Qh3 17. Nxb6 axb6 18. Bb3+ Kh8 19. Bd5 f4
20. Bg2 Qh6 21. O-O $16 {1-0 Alavkin,A-Varavin,V/Ufa 1999/CBM 70 ext (39)}) 15.
g3 Qh3 ({Not in spirit of this variation} 15... Qe4 $2 $16 {permits to White
to play} 16. O-O $1 f4 (16... Nc6 17. d4 $16) 17. cxd4 fxe3 18. Rxf8+ Kxf8 19.
dxe3 Bf5 (19... Be6 20. Bc2 Qd5 21. Nxb6 $18 {1-0 Nouro,M-Furhoff,J/Stockholm
1998/EXT 99 (29)}) 20. Qf1 Nd6 21. Nxd6 cxd6 22. Bd1 {[%cal Gg3g4]} Kg8 23. Bf3
$16) 16. cxd4 ({Badly is} 16. Nxb6 $2 {in veiw of} {standard} f4 $1 {[%csl Re1]
} (16... axb6 17. cxd4 f4 (17... Rxa4 18. Qxa4 f4 19. gxf4 Bd7 20. Qb3+ Kh8 21.
Rf1 $18) 18. Bb3+ Kh8 (18... Be6 19. Bxe6+ Qxe6 20. Qg4 Qd6 21. gxf4 Rxf4 22.
Qg2 Qxd4 23. Qd5+ $18) 19. Qf3 $18) 17. Nxa8 fxe3 18. cxd4 Qg2 $17) 16... f4
17. gxf4 {this move leads to dead draw by perpetuum check.} ({White played
here also} 17. Rf1 $2 $17 {-this continuation is in Black favour:} fxe3 18.
Rxf8+ Kxf8 19. dxe3 Qxh2 20. Qf3+ Nf6 21. Ne5 (21. Qf2 Qh1+ 22. Qf1 Qh2 23. Qf2
Qh5 $17 {[%csl Re1] -see commented game 0-1 Movsesian,S-Illescas Cordoba,M/
Elista 1998/CBM 66 ext[Illescas Cordoba] (44)}) 21... Be6 $17 {1/2-1/2 Smagin,
S-Perovic,D/JUG-chT2 1994/EXT 97 (45)} (21... c5 $1 $17)) (17. gxf4 {this move
leads to dead draw by perpetuum check.} Qh4+ 18. Ke2 Rxf4 $4 $18 {This too
brave and risky move loses the game. Next simple move maybe wasn't took into
account seriously by Black.} ({Here Black would can reach draw by force:} 18...
Bg4+ $1 19. Nxg4 Qxg4+ 20. Ke1 $8 (20. Kd3 $2 Qf5+ 21. Kc3 Bxd4+ 22. Kxd4 (22.
Kb4 a5+ 23. Nxa5 Qxa5+ $19) 22... Rd8+ 23. Kc3 Qd3+ 24. Kb4 a5+ $19) 20... Qh4+
21. Ke2 Qg4+ 22. Ke1 {1/2-1/2 El Kher,H-Olsen,H/Taastrup 2000/EXT 2001 (22)}) (
{Badly is} 18... Qxf4 $4 19. Qg1 Bxd4 20. Bb3 Be6 21. Qg3 $18) 19. Nxb6 {
Yes, White K take a walk in the center, but Black's Attack is not dangerous
and even is not sufficient compensation for considerable material lack.} ({
Possible to play also} 19. Qg1 Bxd4 20. Bb3 Bg4+ 21. Kd3 Rd8 22. Kc2 Kh8 23.
Qg3 Bf3 24. Qxh4 Rxh4 25. Rf1 $18) 19... Bg4+ (19... axb6 20. Bb3+ Kh8 21. Qg1
Bg4+ (21... Nf6 22. Qg3 $18) 22. Nxg4 Rxg4 23. Qf1 (23. Qf2 $4 Re4+ $19 {
[%csl Rf2]}) 23... Nd6 24. d3 $18 {[%csl Rd6][%cal Gd3c4,Gd3e4,Gc1h6]}) 20.
Nxg4 Qxg4+ 21. Kd3 Rxd4+ 22. Kc3 Qe4 ({Black out of time to take} 22... axb6 {
because of} 23. Qxg4 Rxg4 24. Bb3+ $18) 23. Qf1 $6 (23. d3 $18) (23. Bb3+ $18)
23... Nf6 (23... axb6 24. Bb3+ Rd5 25. d3 Qd4+ 26. Kc2 $18) 24. Bb3+ Kh8 25.
Nxa8 $1 {White takes at all...} Rd8 26. d3 Qc6+ 27. Kd2 Rxa8 28. Rg1) 17...
Qh4+ 18. Ke2 Rxf4 $4 $18 {This too brave and risky move loses the game. Next
simple move maybe wasn't took into account seriously by Black.} ({Here Black
would can reach draw by force:} 18... Bg4+ $1 19. Nxg4 Qxg4+ 20. Ke1 $8 (20.
Kd3 $2 Qf5+ 21. Kc3 Bxd4+ 22. Kxd4 (22. Kb4 a5+ 23. Nxa5 Qxa5+ $19) 22... Rd8+
23. Kc3 Qd3+ 24. Kb4 a5+ $19) 20... Qh4+ 21. Ke2 Qg4+ 22. Ke1 {1/2-1/2 El Kher,
H-Olsen,H/Taastrup 2000/EXT 2001 (22)}) ({Badly is} 18... Qxf4 $4 19. Qg1 Bxd4
20. Bb3 Be6 21. Qg3 $18) 19. Nxb6 {Yes, White K take a walk in the center, but
Black's Attack is not dangerous and even is not sufficient compensation for
considerable material lack.} ({Possible to play also} 19. Qg1 Bxd4 20. Bb3 Bg4+
21. Kd3 Rd8 22. Kc2 Kh8 23. Qg3 Bf3 24. Qxh4 Rxh4 25. Rf1 $18) 19... Bg4+ (
19... axb6 20. Bb3+ Kh8 21. Qg1 Bg4+ (21... Nf6 22. Qg3 $18) 22. Nxg4 Rxg4 23.
Qf1 (23. Qf2 $4 Re4+ $19 {[%csl Rf2]}) 23... Nd6 24. d3 $18 {[%csl Rd6][%cal
Gd3c4,Gd3e4,Gc1h6]}) 20. Nxg4 Qxg4+ 21. Kd3 Rxd4+ 22. Kc3 Qe4 ({Black out of
time to take} 22... axb6 {because of} 23. Qxg4 Rxg4 24. Bb3+ $18) 23. Qf1 $6 (
23. d3 $18) (23. Bb3+ $18) 23... Nf6 (23... axb6 24. Bb3+ Rd5 25. d3 Qd4+ 26.
Kc2 $18) 24. Bb3+ Kh8 25. Nxa8 $1 {White takes at all...} Rd8 26. d3 Qc6+ 27.
Kd2 Rxa8 28. Rg1 1-0